| 000 | 00532nam a2200193 i 4500 | ||
|---|---|---|---|
| 001 | bg | ||
| 100 | 1 | _aFIJAŁKOWSKI, Janusz | |
| 245 | 0 |
_aProjektowanie magazynów wysokoregałowych / _cJanusz Fijałkowski. |
|
| 260 |
_aWarszawa : _b"Arkady", _c1983. |
||
| 300 |
_a145, [3] s. : _bfot., rys., wykr. ; _c29 cm. |
||
| 504 | _aBibliogr. s. 145-146. | ||
| 020 | _a8321331327 | ||
| 040 | _cBPK | ||
| 041 | _apol | ||
| 080 | _a725.3.02:658.566 | ||
| 920 | _a83-213-3132-7 | ||
| 942 | _cKS | ||
| 008 | s pl f |000 0 pol | ||
| 999 |
_c2322 _d2322 |
||
| 856 |
_uhttp://koha.tu.koszalin.pl/cgi-bin/koha/opac-detail.pl?biblionumber=2322 _yKatalog online BPK |
||